| 000 | 00000nam 2200000za 4500 |
| 001 | 9.574544 |
| 003 | CaOODSP |
| 005 | 20221107134035 |
| 007 | cr ||||||||||| |
| 008 | 150406s2002 onc|||||o f|0| 0 eng d |
| 040 | |aCaOODSP|beng |
| 043 | |an-cn--- |
| 086 | 1 |aCP32-78/3-2002E-PDF |
| 245 | 00|aHealth human resources in Canada's healthcare system |h[electronic resource]. |
| 260 | |aOttawa : |bCommission on the Future of Health Care in Canada, |c2002. |
| 300 | |a16 p. |
| 490 | 1 |aIssue/survey paper |
| 500 | |a"July 2002." |
| 520 | |aOne of nine issue/survey papers designed to inform Canadians and give them a chance to express their views on a healthcare issue, this paper discusses the staffing of Canada’s healthcare system. Alternatives considered in this paper are: creating greater numbers of doctors and nurses; changing agreements to match healthcare workers’ jobs more closely to their training; and ensuring a more appropriate geographic distribution of healthcare workers between and within provinces. Each paper includes a survey soliciting readers’ views. |
| 590 | |a12-32-Supp|b2012-07-11 |
| 690 | 07|aHuman resources|2gcpds |
| 690 | 07|aHealth care system|2gcpds |
| 710 | 1 |aCanada. |bPrivy Council Office. |
| 710 | 1 |aCommission on the Future of Health Care in Canada. |
| 710 | 2 |aCanadian Health Services Research Foundation. |
| 775 | 08|tLes ressources humaines dans le secteur de la santé au Canada |w(CaOODSP)9.604288 |
| 776 | 0#|tHealth human resources in Canada's healthcare system / |w(CaOODSP)9.616061 |
| 830 | #0|aIssue/survey paper.|w(CaOODSP)9.507043 |
| 856 | 40|ahttp://publications.gc.ca|qPDF|s235 KB|uhttps://publications.gc.ca/collections/Collection/CP32-78-3-2002E.pdf |